书目信息 |
| 题名: |
社会心理学导论
|
|
| 作者: | 麦克杜格尔 , McDougall 著 ;俞国良 译 | |
| 分册: | ||
| 出版信息: | 杭州 浙江教育出版社 1997 |
|
| 页数: | 18,396页 | |
| 开本: | 20cm | |
| 丛书名: | 20世纪心理学通览 | |
| 单 册: | ||
| 中图分类: | C912.6 , B84 | |
| 科图分类: | 59.88 | |
| 主题词: | 社会心理学--概论 , 心理学 | |
| 电子资源: | ||
| ISBN: | 7-5338-2344-3 | |
| 000 | 00990nam2 2200325 45 | |
| 001 | 1538274164 | |
| 005 | 20150126103843.76 | |
| 010 | @a7-5338-2344-3@dCNY14.50 | |
| 100 | @a19980427d1997 kemy0chiy0121 ea | |
| 101 | 1 | @achi@ceng |
| 102 | @aCN@b330000 | |
| 105 | @ay z 000yy | |
| 200 | 10 | @a社会心理学导论@Ashe hui xin li xue dao lun@f(英)威廉·麦独孤(William McDougall)著@g俞国良等译 |
| 210 | @a杭州@c浙江教育出版社@d1997 | |
| 215 | @a18,396页@d20cm | |
| 225 | 2 | @a20世纪心理学通览 |
| 300 | @a据伦敦梅休因出版公司1928年第21版译出 | |
| 304 | @a著者通译:W.麦克杜格尔 | |
| 410 | 0 | @120010@a20世纪心理学通览 |
| 510 | 1 | @aAn introduction to social psycholopy@zeng |
| 606 | @a社会心理学@x概论 | |
| 606 | 0 | @a心理学 |
| 690 | @aC912.6@v3 | |
| 690 | @aB84@v4 | |
| 692 | @a59.88@v2 | |
| 701 | 1 | @a麦克杜格尔@Amai ke du ge er@bW.@4著 |
| 701 | A1 | @aMcDougall@bWilliam@4著 |
| 702 | 0 | @a俞国良@Ayu guo liang@4译 |
| 801 | 0 | @aCN@bTSSF@c20150126 |
| 905 | @aZUCC@dB84@eJY395 | |
| 社会心理学导论/(英)威廉·麦独孤(William McDougall)著/俞国良等译.-杭州:浙江教育出版社,1997 |
| 18,396页;20cm.-(20世纪心理学通览) |
| 据伦敦梅休因出版公司1928年第21版译出 |
| ISBN 7-5338-2344-3:CNY14.50 |
| ● |
| 相关链接 |
|
|
|
|
正题名:社会心理学导论
索取号:B84/JY395
 
预约/预借
| 序号 | 登录号 | 条形码 | 馆藏地/架位号 | 状态 | 备注 |
| 1 | 7860091 | 278600916 | 学院路分馆/ [索取号:B84/JY395] | 在馆 | |
| 2 | 7860092 | 278600925 | 学院路分馆/ [索取号:B84/JY395] | 在馆 |